[Event "Winter and Snow"]
[Site "SchemingMind.com"]
[Date "2019.06.13"]
[Round "-"]
[White "Raymond de Kemp"]
[Black "William Lindberg"]
[Result "0-1"]
[WhiteCountry "NED"]
[BlackCountry "USA"]
[WhiteElo "1791"]
[WhiteRD "80"]
[BlackElo "2510"]
[BlackRD "73"]
[GameID "442324"]

1. d4 d5 2. Bf4 c5 3. e4 dxe4 4. d5 Nf6 5. Nc3 a6 6. Qe2 g6 7. O-O-O Bg7 8. Nxe4 Nxe4 9. Qxe4 O-O 10. Qe3 Nd7
11. Bh6 Bxh6 12. Qxh6 Nf6 13. Be2 Qa5 14. Kb1 c4 15. Bxc4 Qc5 16. Qf4 Bf5 17. f3 Rfc8 18. g4 Bxc2+ 19. Kxc2 Nxd5
0-1

[Event "Winter and Snow"]
[Site "SchemingMind.com"]
[Date "2019.08.08"]
[Round "-"]
[White "frankly"]
[Black "Helga1946"]
[Result "1-0"]
[WhiteCountry "ENG"]
[BlackCountry "GER"]
[WhiteElo "2639"]
[WhiteRD "71"]
[BlackElo "2175"]
[BlackRD "72"]
[GameID "444525"]

1. e4 e5 2. Nf3 Nc6 3. Bb5 a6 4. Ba4 Qf6 5. Nc3 Nge7 6. O-O Nd4 7. Nxd4 exd4 8. Ne2 h6 9. d3 b6 10. c3 dxc3
11. bxc3 Bb7 12. Rb1 Ng6 13. c4 h5 14. Bc2 a5 15. d4 Be7 16. f4 Qc6 17. f5 Nf8 18. Nc3 Ba6 19. Ba4 Qb7 20. Qd3 h4
21. Nd5 Bd8 22. Ba3 Ra7 23. f6 g6 24. Nc3 h3 25. d5 hxg2 26. Kxg2 Rh5 27. e5 Qb8 28. Rbe1 b5 29. cxb5 Bb7 30. b6 cxb6
31. Bd6
1-0

[Event "Winter and Snow"]
[Site "SchemingMind.com"]
[Date "2019.08.08"]
[Round "-"]
[White "Helga1946"]
[Black "frankly"]
[Result "0-1"]
[WhiteCountry "GER"]
[BlackCountry "ENG"]
[WhiteElo "2175"]
[WhiteRD "72"]
[BlackElo "2639"]
[BlackRD "71"]
[GameID "444526"]

1. Nc3 d5 2. d4 Nf6 3. Bg5 Nbd7 4. e3 e6 5. Bxf6 Nxf6 6. Nb1 g6 7. c3 Bg7 8. Nd2 c6 9. Be2 Qc7 10. Ngf3 O-O
11. Rc1 c5 12. h4 b6 13. Ne5 Ne8 14. Ndf3 f6 15. Ng4 Nd6 16. h5 g5 17. h6 Bh8 18. Ngh2 Qe7 19. g4 Bb7 20. Qa4 Rac8
21. Nf1 f5 22. gxf5 exf5 23. Rg1 Bf6 24. Nxg5 Kh8 25. dxc5 Rxc5 26. Nf3 f4 27. Rd1 Nc4 28. Rd2 Bc6 29. Qb4 Qe8 30. Bxc4 dxc4
31. Nd4 Bh4 32. Nc2 Bf3 33. Qa3 a5 34. Rg7 Qe4 35. Rdd7 Qxc2
0-1

[Event "Winter and Snow"]
[Site "SchemingMind.com"]
[Date "2019.09.22"]
[Round "-"]
[White "David Connolly"]
[Black "frankly"]
[Result "0-1"]
[WhiteCountry "WLS"]
[BlackCountry "ENG"]
[WhiteElo "2072"]
[WhiteRD "81"]
[BlackElo "2645"]
[BlackRD "74"]
[GameID "446278"]

1. d4 Nf6 2. c4 e6 3. Nc3 Bb4 4. e3 O-O 5. Bd3 d5 6. cxd5 exd5 7. Ne2 Re8 8. Bd2 c6 9. h3 b6 10. Rc1 Bd6
11. O-O a5 12. f3 Ba6 13. Bxa6 Nxa6 14. Qe1 Rc8 15. Qh4 Nb4 16. e4 dxe4 17. Bg5 Be7 18. fxe4 Nxe4 19. Nxe4 Bxg5 20. Nxg5 h6
21. Qf2 Qxg5 22. Qxf7+ Kh7 23. Nc3 Qe3+ 24. Kh1 Rf8 25. Qb3 Nd3 26. Rcd1 Nf2+ 27. Rxf2 Rxf2 28. Qxb6 Rxg2 29. Kxg2 Rf8
0-1

[Event "Winter and Snow"]
[Site "SchemingMind.com"]
[Date "2019.09.22"]
[Round "-"]
[White "frankly"]
[Black "David Connolly"]
[Result "1-0"]
[WhiteCountry "ENG"]
[BlackCountry "WLS"]
[WhiteElo "2645"]
[WhiteRD "74"]
[BlackElo "2072"]
[BlackRD "81"]
[GameID "446279"]

1. e4 e5 2. Nf3 Nc6 3. Bb5 a6 4. Ba4 Nf6 5. O-O Be7 6. Re1 b5 7. Bb3 d6 8. c3 O-O 9. h3 Nb8 10. d4 Nbd7
11. Bc2 Bb7 12. Nbd2 Re8 13. Nf1 Bf8 14. Ng3 g6 15. a3 c5 16. d5 c4 17. Nh2 Bg7 18. Ng4 Nxg4 19. hxg4 Qh4 20. Nh1 Qe7
21. f3 Qd8 22. Be3 Qc7 23. g3 Nc5 24. Re2 Bc8 25. Rh2 Nd7 26. Kg2 Rb8 27. Nf2 Nf8 28. g5 Bd7 29. f4 f6 30. gxf6 Bxf6
31. f5 g5 32. Qh5
1-0

[Event "Winter and Snow"]
[Site "SchemingMind.com"]
[Date "2019.12.30"]
[Round "-"]
[White "smothered mate"]
[Black "William Lindberg"]
[Result "0-1"]
[WhiteCountry "POL"]
[BlackCountry "USA"]
[WhiteElo "2239"]
[WhiteRD "80"]
[BlackElo "2484"]
[BlackRD "63"]
[GameID "449545"]

1. e4 e5 2. f4 exf4 3. Nf3 g5 4. h4 d5 5. d4 dxe4 6. Nxg5 Nf6 7. Nc3 Bb4 8. Bc4 Bg4 9. Nxf7 Qe7 10. Qd2 e3
11. Qd3 Rf8 12. O-O Bxc3 13. bxc3 e2 14. Bxf4 Rxf7 15. Bxf7+ Qxf7 16. Rf2 Nbd7 17. Bxc7 Rc8 18. Bf4 Qe6 19. Re1 Kf7 20. Be5 Kg8
21. Qb5 Qd5 22. Qb3 Nxe5 23. Rxf6 Qxb3 24. axb3 Ng6 25. h5 Kg7
0-1

[Event "Winter and Snow"]
[Site "SchemingMind.com"]
[Date "2019.12.30"]
[Round "-"]
[White "William Lindberg"]
[Black "smothered mate"]
[Result "1-0"]
[WhiteCountry "USA"]
[BlackCountry "POL"]
[WhiteElo "2484"]
[WhiteRD "63"]
[BlackElo "2239"]
[BlackRD "80"]
[GameID "449546"]

1. c4 Nf6 2. d4 c5 3. d5 b5 4. cxb5 a6 5. e3 g6 6. Nc3 Bg7 7. e4 d6 8. Bc4 O-O 9. a4 axb5 10. Bxb5 Ba6
11. Bd2 Qb6 12. Rb1 e6 13. Bg5 Nbd7 14. dxe6 fxe6 15. Nge2 Bxb5 16. axb5 Ng4 17. O-O c4 18. Nf4 Nde5 19. Qd2
1-0

[Event "Winter and Snow"]
[Site "SchemingMind.com"]
[Date "2020.03.01"]
[Round "-"]
[White "William Lindberg"]
[Black "frankly"]
[Result "1/2-1/2"]
[WhiteCountry "USA"]
[BlackCountry "ENG"]
[WhiteElo "2477"]
[WhiteRD "67"]
[BlackElo "2599"]
[BlackRD "73"]
[GameID "451943"]

1. e4 e5 2. Nf3 Nc6 3. Bb5 a6 4. Ba4 Nf6 5. O-O Be7 6. Re1 b5 7. Bb3 O-O 8. c3 d5 9. exd5 Nxd5 10. d3 Bg4
11. h3 Bh5 12. Nbd2 Nf4 13. d4 exd4 14. Nf1 Bd6 15. Ng3 Bg6 16. cxd4 Re8 17. Rxe8+ Qxe8 18. Bxf4 Bxf4 19. Ne2 Bd6 20. Qd2 Rd8
21. a3 h6 22. Nf4 Bf5 23. Re1 Qd7 24. d5 Ne7 25. Ne5 Bxe5 26. Rxe5 Ng6 27. Nxg6 Bxg6 28. Qe3 Kf8 29. Qf3 Kg8 30. Qc3 Qd6
31. h4 Bb1 32. g3 Bg6 33. Bd1 c5 34. Bf3 Bd3 35. Kh2 Rb8 36. Re1 Bf5 37. Bg2 Bg4 38. Re4 Bd7 39. Qd2 Ra8 40. Qc3 Kf8
41. Qd2 Bf5 42. Re3 a5 43. Re1 a4 44. Bh3 Bg6 45. Bf1 Rb8 46. Qe3 c4 47. Qd4 Rd8 48. Bg2 Kg8 49. Qd2 Bf5 50. Qd4 Bc8
51. Bf3 Bd7 52. Qc3=
1/2-1/2

[Event "Winter and Snow"]
[Site "SchemingMind.com"]
[Date "2020.03.01"]
[Round "-"]
[White "frankly"]
[Black "William Lindberg"]
[Result "1/2-1/2"]
[WhiteCountry "ENG"]
[BlackCountry "USA"]
[WhiteElo "2586"]
[WhiteRD "70"]
[BlackElo "2448"]
[BlackRD "65"]
[GameID "451944"]

1. d4 Nf6 2. c4 e6 3. Nf3 Bb4+ 4. Bd2 Be7 5. Nc3 d5 6. Bg5 O-O 7. e3 h6 8. Bh4 b6 9. Be2 Bb7 10. Bxf6 Bxf6
11. cxd5 exd5 12. b4 Nd7 13. O-O c5 14. bxc5 bxc5 15. Rb1 Bc6 16. Bb5 Qc7 17. Qd2 Rfd8 18. Rfc1 Rac8 19. Na4 c4 20. Bxc6 Qxc6
21. Qa5 Nf8 22. Nc3 Rd7 23. Qa4 Qxa4 24. Nxa4 Bd8 25. Kf1 Rd6 26. Rb7 Rd7 27. Rb5 Ng6 28. Rcb1 Ne7 29. Ng1 Kf8 30. Ne2 Ke8
31. Nec3 a6 32. Rc5 Rxc5 33. Nxc5 Ra7 34. Ke2 f5 35. Kd2 Ba5 36. Kc2 Kf7 37. h3 g6 38. g4 Bc7 39. gxf5 gxf5 40. a4 Kg6
41. Ne6 f4 42. Nxc7 Rxc7 43. Rb6+ Kg5 44. Rxa6 fxe3 45. fxe3 Rd7 46. a5 h5 47. Ne2 Kh4 48. Nf4 Nf5 49. Re6 Rf7 50. Nxd5 Kxh3
51. Nf6 h4 52. a6 Kg2 53. Nd5 Rd7 54. Rg6+ Kf3 55. Rf6 Kg4 56. Rg6+ Kf3 57. Rf6 Kg4 58. Rg6+ Kf3
1/2-1/2